[Event "ESP Autonomico-chT"]
[Site "Spain"]
[Date "2006.02.25"]
[Round "4.64"]
[White "Dominguez Castillo, Alejandro"]
[Black "Gomez Calomarde, Saul"]
[Result "1-0"]
[WhiteElo "1735"]
[BlackElo "1748"]
[PlyCount "189"]
[EventDate "2006.02.04"]
[EventType "team"]
[EventRounds "9"]
[EventCountry "ESP"]
[SourceTitle "EXT 2007"]
[Source "ChessBase"]
[SourceDate "2006.11.23"]
[SourceVersion "1"]
[SourceVersionDate "2006.11.23"]
[SourceQuality "1"]

1. d4 Nf6 2. Nf3 c5 3. c3 g6 4. Bf4 cxd4 5. cxd4 d6 6. Nc3 Bg7 7. e3 0-0 8. Be2 Nh5 9. Bg5 h6 10. Bh4 g5 11. Bg3 Nd7 12. Qc2 f5 13. Nxg5 hxg5 14. Bxh5 e5 15. h4 g4 16. 0-0-0 Qf6 17. Nd5 Qh6 18. Ne7+ Kh8 19. Ng6+ Kg8 20. Nxf8 Nxf8 21. Qb3+ Be6 22. Qxb7 Rc8+ 23. Kb1 Qxh5 24. dxe5 dxe5 25. Rd6 Qf7 26. Qa6 Rb8 27. Qa5 f4 28. Bh2 Qb7 29. Qa3 Qxg2 30. Rdd1 Qxf2 31. e4 g3 32. Bg1 Qg2 33. Bc5 Qxe4+ 34. Ka1 Qb7 35. b3 g2 36. Rhg1 f3 37. Qb2 Qc7 38. Bd6 Qb7 39. Bxe5 Bxe5 40. Qxe5 Qg7 41. Qxg7+ Kxg7 42. Kb2 Rc8 43. Rd3 Bg4 44. Rd2 Kf6 45. Rf2 Ke5 46. Rfxg2 fxg2 47. Rxg2 Kf4 48. Rf2+ Kg3 49. Rf7 Ra8 50. Ka3 Kxh4 51. Kb4 Ne6 52. Kb5 Be2+ 53. Ka5 Nd4 54. Rf4+ Kg5 55. Rxd4 Kf5 56. b4 a6 57. a3 Ke5 58. Rd2 Bc4 59. Rd7 Rb8 60. Rc7 Bd3 61. Rc5+ Kd4 62. a4 Bc4 63. Rg5 Rd8 64. b5 axb5 65. axb5 Bd5 66. Rg7 Kc5 67. Rc7+ Kd6 68. Rc3 Ra8+ 69. Kb4 Ra1 70. Rc2 Rb1+ 71. Ka5 Be4 72. Rc3 Ke5 73. Kb6 Kd4 74. Rc7 Bd5 75. Rc5 Rg1 76. Rc7 Rb1 77. Rc5 Bc4 78. Kc6 Rh1 79. Kb6 Rh6+ 80. Rc6 Rh5 81. Rd6+ Kc3 82. Rc6 Kb4 83. Kc7 Bxb5 84. Rf6 Kc5 85. Kd8 Rh7 86. Re6 Bc4 87. Rf6 Kd5 88. Ke8 Ke5 89. Rb6 Be6 90. Kd8 Kd5 91. Ke8 Bh3 92. Kd8 Kc5 93. Rf6 Bg2 94. Ke8 Bd5 95. Kf8 1-0